00959 2200289 4500001002100000005001500021035002000036007000300056008004100059020001800100082001200118084001800130100002900148245013600177250001200313300004300325650002100368650003000389650002600419650003700445700002900482264007100511336002100582337003000603338002300633990001300656INLIS00000000111938220221004111004 a0010-1022000030ta221004 0 eng a9781564848451 a371.334 a371.334 MIC t0 aMichele EatonePengarang1 aThe Perfect Blend :bA Practical Guide for Designing Student-Centered Learning Experiences /cMichele Eaton, Valerie Witte (Editor) aEdisi 1 axii, 164 halaman :bilustrasi ;c24 cm 4aBlended Learning 4aStudent-Centered Learning 4aPembelajaran Campuran 4aPembelajaran Berpusat pada Siswa0 aValerie WitteePengarang aOregon :bInternational Society for Technology in Education,c2020 2rdacontentaTeks 2rdamediaaTanpa Perantara 2rdacarrieraVolume a22/00300